00894nam a2200265Ia 450000100060000000300090000600800410001504000130005604000130006904100130008210000200009510000280011524500480014324500330019125000110022426000090023526000150024426000490025930000570030850001720036565000150053765000310055270000170058370000280060034933IT-RoPAU130308s9999 xx 000 0 und d aIT-RoPAU cIT-RoPAU aITALIANO aWatzlawick Paul gCodice Aut. SPICS: 524 aAlcuni aspetti formali della comunicazione  bProspettiva relazionale (La) a1a ed. aROMA bAstrolabio c1978 [1° Ed.:1978 - Ed.Ling.Originale:1967] a"15 p. (prefazione: no ; testo: 15 [pagine: 55-69])" aPragmatica Come Processo Reciproco Ogni Comportamento è Comunicazione in presenza dell'altro Informazione Comunicazione Eventi comunicativi stimolo Risposta Rinforzo aPSICOLOGIA eCodice materia Spics: 3601 aBeavin Janet gCodice Aut. SPICS: 6406